Katastralgemeinden von Innsbruck - Statistiken

Allgemein
  • Dieses Quiz wurde 185 mal gespielt
  • Das Durchschnittsergebnis liegt bei 6 aus 9
Antworten auf der Karte
Die Antworten werden auf der Karte rot bzw. grün angezeigt, abhängig davon wie oft sie richtig erraten wurden.
 
Antwortstatistiken
Einwohner Katastralgemeinde % Korrekt
35.130 Hötting
82%
32.814 Pradl
73%
2.483 Igls
71%
17.754 Wilten
66%
11.226 Arzl
65%
5.550 Amras
54%
21.038 Innsbruck
54%
5.435 Mühlau
52%
531 Vill
48%
Keine übereinstimmenden Quizze gefunden
Verteilung der Resultate
Anzahl Personen mit jedem Resultat
Perzentil nach korrekt beantworteten Fragen
Ihre Resultats-Entwicklung
Sie haben dieses Quiz noch nicht gespielt